00234nam a2200097Ia 4500008004100000100002600041245002800067260001700095942000700112999001700119190216s9999||||xx |||||||||||||| ||und|| aLakshmi Chandra Kuran 0aHindi-Gadhya Rasanavali bNbs Kottayam cBK c17376d17376